00591nam a2200181Ia 4500008004100000020002200041082001600063100001800079245004700097250001200144260002800156300001000184600003000194650002700224942000800251952013300259999001700392260429s9999 xx 000 0 und d a978-1-29202-735-7 a621.382 TOM aTomasi, Wayne 0aAdvanced Electronic Communications Systems a6th ed. aAmerica:bPearsonc2014 a616p. aElectronics Communication aElectrical Engineering cBBD 001040708BB-ELaUITUbUITUd2026-04-29eAR Book Companyg675.00l0o621.382 TOMpBB2767r2026-04-29 09:16:05w0000-00-00yBBD c33647d33647